| 000 | 00695nam a2200205 a 4500 | ||
|---|---|---|---|
| 005 | 20241001063955.0 | ||
| 008 | 991125s1978 mx 000 0 spa u | ||
| 020 | _a968440011X | ||
| 035 | _aUPN01000057636 | ||
| 049 | _aCG | ||
| 050 | 4 |
_aF1219 _bCH3.9 |
|
| 100 | 1 |
_aChavero, Alfredo, _d1841-1906 _930758 |
|
| 245 | 1 | 3 |
_aEl último Quetzalcóatl : _bcódice jeroglífico Aubin / _cpor Alfredo Chavero ; introd. y notas de César Macazaga Ordoño. |
| 260 |
_aMéxico : _bCosmos, _c1978. |
||
| 300 |
_a62 p. : _bil. |
||
| 651 | 4 |
_aMéxico _xHistoria _yHasta 1517 _914158 |
|
| 650 | 4 |
_aIndígenas de México _xReligión y mitología _95903 |
|
| 650 | 4 |
_aManuscritos mexicanos _917917 |
|
| 905 | _aLibro | ||
| 999 |
_c57636 _d57636 |
||